000 01119nam a2200301Ia 4500
003 OSt
005 20221007125214.0
006 a|||||r|||| 00| 0
007 ta
008 221006b |||||||| |||| 00| 0 eng d
020 _a0896035425 (hbd)
_c
_ 99.50
024 _a6615
037 _bEducational,
_cTextual
040 _aCDL
_cCDL
_beng
041 _2eng
_aeng
082 _aJ6.1k, N9
100 _aRoss Ivan A
_9622351
245 0 _aMedicinal plants of the world : chemical constituents, traditional and modern medicinal uses by Ivan A Ross
260 _aTotowa,
_bNew Jersey Humana Press
_c1999
300 _axi,415p
_ccm.
500 _aGlossary 337-347p; Bibliography 349-415p; ^n23/CSL/Carc/99-2000/219^d1999-06-22^mPurchase; ; 2000-2001/02^b2000-04-25^cEBA/007/2000-2001^d2000-04-18^eRs.3,933.00^fEducational Book Agency (India); ; 2000-05-09^c2000-05-11^dSK^r2000-06-14
650 _a Encyclopedia
_9253560
650 _a Medicinal plants
650 _a World
650 _aAgriculture
942 _hJ6.1k, N9
_cTEXL
_2CC
999 _c1214854
_d1214854